[Event "Reggio Emilia 9495 37th"]
[Site "Reggio Emilia"]
[Date "1994.??.??"]
[Round "6"]
[White "Tatai, Stefano"]
[Black "Epishin, Vladimir"]
[Result "1-0"]
[WhiteElo "2430"]
[BlackElo "2650"]
[Annotator "Donev,I"]
[PlyCount "83"]
[EventDate "1994.12.??"]
[EventType "tourn"]
[EventRounds "11"]
[EventCountry "ITA"]
[EventCategory "10"]
[SourceTitle "CBM 045"]
[Source "ChessBase"]
[SourceDate "1995.04.01"]
[SourceVersion "1"]
[SourceVersionDate "1995.04.01"]
[SourceQuality "1"]

1. e4 {Ernst} c5 2. Nf3 d6 3. d4 cxd4 4. Nxd4 Nf6 5. Nc3 Nc6 6. Bg5 e6 7. Qd2
Be7 8. O-O-O O-O 9. f4 Nxd4 10. Qxd4 Qa5 11. Bc4 Bd7 12. e5 dxe5 13. fxe5 Bc6
14. Bd2 Nd7 15. Nd5 Qd8 16. Nxe7+ Qxe7 17. Rhe1 Rfd8 18. Qg4 Nf8 19. Bd3 Qc7 (
19... Rxd3 $5 20. cxd3 Qd7 21. Re3 (21. Bb4 Qd5 22. Bxf8 Rxf8 23. Kb1 Qxg2 24.
Qxg2 Bxg2 25. Rc1 Bc6 26. Rc4 $14 {Georgiev,Ki-Gurevich,D/Palma de Mallorca/
1989}) (21. Kb1 Qxd3+ 22. Ka1 h5 23. Qe2 (23. Qxh5 $2 Ba4 24. b3 Qd4+ 25. Kb1
Bb5 $19) 23... Qxe2 24. Rxe2 Rd8 25. Rde1 Ng6 26. g3 $10) 21... Qd5 22. Kb1 Ng6
$44) (19... Qc5 {Ernst} 20. Bb4 Qb6 21. Bd6 Rac8 22. Kb1 Bb5 23. c4 Ba4 24. Rc1
Rxd6 25. exd6 Qxd6 26. Qe2 Qxh2 $10 {Wagman-Belotti/Reggio Emilia-B/1987/1/2-1/
2/41}) (19... Rd5 {Ernst} 20. Bb4 (20. h4 Ng6 $10) (20. Bg5 $6 Qc7 21. Bf6 Ng6
$15) (20. Be4 Rdd8 21. Bb4 Qe8) 20... Qd8 21. Kb1 Ng6 22. Bd6 Qh4 $15 {Joecks,
C-Meyer/BL9091/0-1/32}) 20. Bb4 Bd5 21. Kb1 Rac8 22. Bd6 $1 $14 Qc6 23. b3 b5
24. Re3 Ng6 25. h4 f5 26. Qg5 Rd7 (26... Bxg2 27. h5 f4 (27... Nf8 $2 28. Rg3
$18) 28. hxg6 (28. Ree1 $14) 28... fxe3 29. gxh7+ Kh8 30. Qxe3 $44) 27. h5 Nf8
28. Rd2 $1 {Der Bauer auf g2 ist zu decken,und gleichzeitig verstärkt der Turm
den Angriff.} Rf7 29. Rf2 {Es droht 30.g4 fg4(30...g6 31.Bf8 Raf8 32.hg6 hg6
33.gf5 ef5 34.e6! Rf6 35.e7 Re8 36.Bf5 mit vorteil) 31.Rf7 Kf7 32.h6!gh6 33.
Qh6 mit Angriff.} h6 30. Qf4 Nh7 (30... Bxg2 31. Bxf8 $1 Rcxf8 32. Bxb5 Qb7 (
32... Qxb5 33. Rxg2 Rd8 34. Re1) 33. Rg3 $14) (30... Qd7 $142) 31. g4 $16 Ng5
32. gxf5 exf5 33. Bxf5 Re8 34. Qd4 Be6 (34... Nf3 35. Qd3 Nh4 (35... Ng5 36.
Rd2 Bg2 37. Bg6 Rf1+ 38. Kb2 Rd8 39. e6 $18) 36. Bh7+ Kh8 37. Rxf7 Bxf7 38. Rh3
Ng2 39. Be4 $18) 35. Bxe6 Nxe6 36. Qh4 Rc8 37. Ree2 Rxf2 38. Rxf2 Qd5 39. Qg4
Rc3 (39... Re8 40. Qg6 Qd1+ 41. Kb2 Qd4+ 42. Ka3 Qxf2 43. Qxe8+ $18) 40. Rf6
Kh8 41. Rxe6 Qc6 42. Re7 1-0

[Event "Groningen PCA"]
[Site "Groningen"]
[Date "1993.??.??"]
[Round "8"]
[White "Shirov, Alexei"]
[Black "Kramnik, Vladimir"]
[Result "1/2-1/2"]
[WhiteElo "2685"]
[BlackElo "2710"]
[Annotator "Ftacnik,L"]
[PlyCount "47"]
[EventDate "1993.12.??"]
[EventType "swiss"]
[EventRounds "11"]
[EventCountry "NED"]
[SourceTitle "CBM 039"]
[Source "ChessBase"]
[SourceDate "1994.04.01"]
[SourceVersion "1"]
[SourceVersionDate "1994.04.01"]
[SourceQuality "1"]

1. e4 {Ernst Boensch} c5 2. Nf3 Nc6 3. d4 cxd4 4. Nxd4 Nf6 5. Nc3 d6 6. Bg5 e6
7. Qd2 Be7 8. O-O-O O-O 9. f4 Nxd4 10. Qxd4 Qa5 11. Bc4 Bd7 12. Rd3 {!? Boensch
} (12. e5 {Boensch -Hauptvariante}) 12... Rad8 (12... b5 13. Rg3 bxc4 14. Bxf6
Bxf6 15. Qxf6 g6 16. Rd1 Bc6 17. Qd4 (17. Rxd6 {Boensch} Bxe4 18. Nxe4 (18. Rg5
Qb4 19. Qd4 Rab8 $1 $17) 18... Qe1+ 19. Rd1 Qxe4 $10) 17... Rac8 18. Rg5 d5 19.
exd5 Bxd5 20. Ne4 (20. f5 $1 $16 {Boensch}) 20... f5 21. Nc3 (21. Nf6+ {Boensch
} Rxf6 22. Qxf6 c3 $17) 21... Rfd8 22. Qf6 Qb6 23. Re1 Qf2 {Shabalov,A-Inkiov,
V/Gausdal Troll Masters (5)/1991/0.5 (24)}) (12... e5 13. Qe3 (13. Qg1 Be6 14.
Bb3 exf4 15. Bxf4 Bxb3 16. cxb3 Rfe8 17. g4 Bf8 18. Bd2 Qe5 19. Re3 Rac8 20.
Kb1 Qd4 21. Qg2 d5 22. e5 Rxe5 23. Rxe5 Qxe5 24. g5 $17 {Lanka,Z-Kotronias,V/
Gausdal International (5)/1991/0-1 (40)}) 13... Rac8 (13... Ng4 $5 {Boensch})
14. Bb3 Be6 15. Bxe6 exf4 16. Bxf4 fxe6 17. Qh3 Kf7 18. Kb1 Qc5 19. g4 h6 20.
Be3 Qe5 21. Bd4 Qg5 22. Rg1 Nd7 23. Be3 Qg6 24. g5 $3 $40 {Shirov,A-Kramnik,V/
Luzern WchT/1993/1-0 (54)}) 13. Rg3 Kh8 (13... e5 14. Qd3 $36) 14. Rf1 (14. e5
{Boensch} dxe5 15. fxe5 Bc6 16. Qe3 Ng8 17. Bd3 Qb6 (17... h6 18. h4 b5 19. Kb1
b4 20. Ne2 Rd5 21. Qe4 Rxd3 22. Qxd3 Qxe5 $44 {Kotronias,V-Kramnik,V Belgrade 
(1) 1993 r 28 -CBM 39}) 18. Qxb6 axb6 19. Re1 Bxg5+ 20. Rxg5 Rd4 $10 {Hodgson,
JM-Kramnik,V Belgrade (5) 1993 0-1 48 -CBM 39}) 14... h6 (14... Bc6 15. f5 $40)
15. e5 {? Boensch} (15. Bh4 $13 {Boensch}) 15... dxe5 (15... hxg5 16. exf6 Bxf6
17. Qd3 Rfe8 18. Ne4 $40) 16. fxe5 (16. Qxe5 Qxe5 17. fxe5 hxg5 18. exf6 gxf6
$17) 16... Be8 17. Qf4 (17. exf6 Rxd4 18. fxg7+ Kh7 (18... Kxg7 19. Bxe7+ $1 (
19. Bf6+ Kh7 20. Rg7+ Kh8 21. Rg5+ Bxf6 22. Rxa5 Bg5+ $17) 19... Kh7 20. Bf6
Rg8 21. Rxg8 Kxg8 22. Bxd4 $16) 19. Bd3+ (19. Bxe7 Rg8 20. Bd3+ f5) (19. gxf8=Q
{Ernst} Bxf8 $17) 19... f5 (19... Rxd3 20. Bxe7 Rg8 21. Rxd3 Rxg7 22. Ne4 $40)
20. gxf8=Q Bxf8 21. Be3 $13) (17. Qh4 {Boensch} Qxe5 $19) (17. Qe3 {Boensch}
Ng4 18. Rxg4 Bxg5 19. Rxg5 hxg5 $17) 17... Nh5 (17... hxg5 $2 18. Qxg5 $18) 18.
Bxh6 $6 Nxf4 (18... Nxg3 19. Bxg7+ Kxg7 20. Qxg3+ Kh8 21. Qh3+ Kg7 22. Qg4+ Kh8
23. Rf3 $18) 19. Bxg7+ Kh7 (19... Kg8 $2 20. Rxf4 $18) 20. Rxf4 Rg8 $6 {
? Boensch} (20... Bc6 21. Rh3+ $1 (21. Rfg4 Bxg2 22. Rxg2 Rg8) (21. Bxf8 Rxf8
22. Rh3+ Kg6 23. Bd3+ Kg5 24. Rhh4 f5 (24... Qxe5 25. Rfg4+ Kf6 26. Rh6#) 25.
exf6 e5 $13) 21... Kg6 (21... Kg8 22. Rg4 $18) 22. Bf6 $1 Bxf6 23. Rxf6+ Kg7 (
23... Kg5 24. Rg3+ Kh5 25. Be2+) 24. Rg3+ Kh7 25. Rf4 Rd1+ 26. Nxd1 Qd8 27.
Bd3+ $18) (20... Qxc3 $3 21. Rxc3 (21. bxc3 Ba3+ 22. Kb1 Rd1#) 21... Bg5 (21...
Kxg7 {Ernst} 22. Rg3+ Kh6 23. Rh3+ Kg6 24. Rg3+ Kh6 $19) 22. Rh3+ Kxg7 23. Rg3
Kh6 24. Rh3+ Kg6 25. Rg3 Rh8 26. Bd3+ Rxd3 27. cxd3 Rh4 $1 28. Rxg5+ Kxg5 $19)
(20... Qb6 $6 21. Ne4 $1) 21. Rfg4 Rxg7 $2 (21... Qxc3 $3 {Boensch} 22. Rxc3
Rxg7 $19) 22. Rxg7+ Kh6 23. Rg8 Kh7 24. R8g7+ 1/2-1/2

[Event "Sigeman & Co 15th"]
[Site "Malmo"]
[Date "2007.04.23"]
[Round "6"]
[White "Cheparinov, Ivan"]
[Black "Kotronias, Vasilios"]
[Result "1-0"]
[WhiteElo "2646"]
[BlackElo "2570"]
[Annotator "Ftacnik,L"]
[PlyCount "83"]
[EventDate "2007.04.18"]
[EventType "tourn"]
[EventRounds "9"]
[EventCountry "SWE"]
[EventCategory "13"]
[SourceTitle "CBM 118"]
[Source "ChessBase"]
[SourceDate "2007.05.31"]
[SourceVersion "1"]
[SourceVersionDate "2007.05.31"]
[SourceQuality "1"]

1. e4 c5 2. Nf3 Nc6 3. d4 cxd4 4. Nxd4 Nf6 5. Nc3 d6 6. Bg5 e6 7. Qd2 Be7 8.
O-O-O O-O 9. f4 Nxd4 10. Qxd4 Qa5 11. e5 dxe5 12. Qxe5 b5 $5 {Kotronias reacts
with a daring pawn advance and avoids a slightly unpleasant endgame after the
exchange of queens.} 13. Rd3 (13. Qxb5 Qc7 $13) (13. Bd3 Bb7 14. Qxb5 Qxb5 15.
Nxb5 Bxg2 16. Rhg1 Bf3 17. Rdf1 Bh5 18. f5 exf5 19. Nd4 Bg6 20. Nxf5 Bc5 21.
Rg3 Nh5 22. Rg4 $14 {1/2 Sadvakasov,D (2618)-Shengelia,D (2523)/Baku 2007/ (62)
}) 13... Ng4 (13... h6 14. Bxh6 gxh6 15. Rg3+ (15. Rh3 Ng4 (15... Kg7 $2 16. g4
$1) 16. Qh5 f5 17. Qg6+ Kh8 18. Rxh6+ Nxh6 19. Qxh6+ $11) 15... Kh8 16. Bd3 Bb7
17. f5 $13) 14. Qe4 f6 $5 {Black is on top of the situation and his tactical
approach is flawless. It is Cheparinov who risks losing control of the
situation due to his optimistic move 13.Rd3.} (14... Bxg5 15. fxg5 b4 (15...
Nf2 16. Qxa8 Nxh1 17. a3 $14) 16. Qxa8 Nf2 (16... bxc3 17. Rxc3 Nf2 18. Rg1 Qb6
19. Qf3 Nd3+ 20. Rxd3 Qxg1 21. h3 $14) (16... Ba6 17. Qxa7 Qxg5+ 18. Rd2 bxc3
19. bxc3 Bxf1 20. Rxf1 Nxh2 21. Rh1 $16) 17. Nd1 Nxh1 18. g3 Qxg5+ 19. Kb1 Ba6
20. Qxh1 Bxd3 21. Bxd3 $14) 15. Rh3 $1 (15. Qxa8 fxg5 16. Qf3 b4 (16... Rxf4 $2
17. Qc6) 17. Qxg4 bxc3 18. Rxc3 Bf6 19. Rb3 Qxa2 $15) 15... g6 (15... fxg5 $2
16. Qxh7+ Kf7 17. Bd3 Bf6 18. fxg5 $18) (15... h6 16. Bd3 f5 (16... fxg5 $2 17.
Qh7+ Kf7 18. Bg6+ Kf6 19. Ne4#) 17. Qxa8 hxg5 18. Bxf5 $1 exf5 19. Qd5+ Rf7 20.
Rh8+ $1 Kxh8 21. Qxf7 Bd6 22. Re1 $18) 16. Qxa8 (16. Bh6 Rd8 $1 (16... Nxh6 17.
Qxa8 b4 18. Nb5 b3 19. cxb3 Qe1+ 20. Kc2 Qf2+ $11) 17. Qxa8 b4 18. Nb1 b3 $1
19. Bc4 $8 bxa2 20. Bxa2 Qxa2 $13) 16... fxg5 17. Bxb5 (17. Qf3 b4 $1 18. Qxg4
bxc3 19. Rxc3 Bf6 $17) 17... Nf2 18. Nd5 $1 {[%mdl 64] A model example of
chess brinkmanship. Cheparinov is facing the fork to both of his rooks and he
bravely throws two additional minor pieces into the fire.} exd5 (18... Nxh1 $2
19. Nxe7+ Kg7 20. Qe4 $1 Qxb5 21. Rxh7+ $1 Kxh7 22. Qxg6+ Kh8 23. Qh6#) (18...
Bc5 $5 19. Nf6+ $1 Rxf6 (19... Kg7 $6 20. Rxh7+ Kxf6 21. Qf3 Nxh1 22. fxg5+ Ke5
23. Qe2+ Kd5 24. Qc4+ Kd6 25. Qd3+ Ke5 $11) 20. Qxc8+ Bf8 21. fxg5 Nxh1 (21...
Rf7 $2 22. Rb3 $1 Nxh1 23. Qxe6 Kh8 24. Rc3 $1 $18) 22. Re3 Rf2 (22... Qxb5 23.
gxf6 Qf1+ 24. Kd2 Qf2+ 25. Kd3 Qf5+ 26. Kc3 Qa5+ $11) 23. Qxe6+ Kh8 24. Qe5+
Bg7 25. Qb8+ Rf8 (25... Bf8 26. Qe5+ $11) 26. Re8 Qb4 $5 (26... Qe1+ 27. Rxe1
Rxb8 28. c3 $1 Nf2 (28... Rxb5 29. Re8+ Bf8 30. Rxf8+ Kg7 31. Rf1 Rxg5 32. Rxh1
Rxg2 $14) 29. a4 Ng4 $13) 27. Rxf8+ Qxf8 28. Qxa7 Bxb2+ 29. Kxb2 Qb4+ 30. Ka1
Qe1+ $11) 19. Qxd5+ Kh8 (19... Kg7 20. Re3 (20. fxg5 Bxg5+ $1 21. Qxg5 Bxh3 22.
Qe7+ Rf7 23. Qe5+ Kh6 24. Qe3+ g5 25. Bc4 $1 Rf4 26. gxh3 Nxh1 27. Qe6+ $11)
20... Bd8 $1 (20... Qd8 21. Rxe7+ $1 Qxe7 22. Qd4+ Kh6 23. Qxf2 $14) 21. Rhe1
gxf4 22. Re8 $14) 20. fxg5 $1 (20. Re3 $6 Bf6 $1 (20... Nxh1 $2 21. Rxe7 $18) (
20... Bd8 $2 21. Rhe1 gxf4 22. Re8 $18) 21. Rhe1 (21. fxg5 $2 Qb6 $1 22. Rhe1
Bb7 $19) 21... Bf5 $15) 20... Qb4 (20... Nxh1 21. Qe5+ Bf6 22. gxf6 $18) (20...
Nxh3 21. Qe5+ Bf6 22. gxf6 h6 23. Qe7 Rg8 24. f7 $18) (20... Bxg5+ 21. Qxg5
Bxh3 22. Qe5+ Kg8 23. Bc4+ $18) (20... Ng4 21. Qd4+ Bf6 22. gxf6 Qxb5 23. f7+
Qe5 24. Qxe5+ Nxe5 25. Re3 Nxf7 26. Re7 $16) 21. Qe5+ Kg8 22. Rc3 $1 {The
young Bulgarian player keeps creating new threats so that Black has to be on
the alert if he does not want to fall behind.} Ng4 (22... h6 23. Rf1 Bxg5+ 24.
Kb1 Bf6 25. Qd5+ Kh7 (25... Kh8 26. Rxf2 Rd8 27. a3 $18) 26. a3 (26. Rc7+ Kh8
27. c3 Qf4 28. Rxa7 $14) 26... Qd4 27. Qxd4 Bxd4 28. Rc7+ Kh8 29. Bd3 $16) (
22... Nxh1 $2 23. Bc4+ Rf7 24. Qd5 $18) 23. Qd5+ (23. Bc4+ Qxc4 24. Qxe7 Rf1+
25. Rxf1 Qxf1+ 26. Kd2 Qxg2+ $15) 23... Kg7 (23... Kh8 $5 24. h4 Rd8 $11) 24.
Rc4 (24. h4 $1 Bf5 25. Bc4 $14) 24... Qd6 25. Qxd6 Bxd6 26. Ra4 (26. Re1 Nxh2
27. Rc6 Bf4+ $11) 26... Bc5 (26... Rf7 27. g3 Bc5 $11) 27. Rf1 Bf5 $1 (27...
Rxf1+ 28. Bxf1 Nxh2 29. Be2 $14) 28. Rc4 (28. h3 Ne3 29. Rf2 Rd8 30. Rd2 $14)
28... Be3+ {Unfortunatelly for Kotronias, his next few moves are anything but
exact. The a7 pawn was very important so keeping the bishop on the a7-g1
diagonal was a safer option.} (28... Bb6 $11) 29. Kb1 Bxg5 30. Rc7+ Kh8 $6 (
30... Rf7 31. Rxf7+ Kxf7 32. Bd3 Nxh2 33. Rh1 Bxd3 34. Rxh2 Be4 35. Rxh7+ Ke6
36. Rxa7 Bxg2 $13) 31. Bd3 (31. Rxa7 $2 Bxc2+ $1 32. Ka1 (32. Kxc2 Ne3+ $17)
32... Bf5 $15) 31... Nxh2 $2 (31... Ne3 32. Rf2 Ng4 $11) 32. Rh1 Bxd3 33. cxd3
h5 34. Rxa7 (34. Rxh2 $4 Rf1+ 35. Kc2 Rc1+ 36. Kb3 Rxc7 $19) 34... Nf1 (34...
Ng4 35. a4 $16) 35. a4 $1 {Black has won the battle on the kingside, but the
price to pay will be very high. Due to the poor king location it will prove
impossible to stop the advancing white pawns on the other half of the board.}
Rf4 (35... Ne3 36. a5 (36. g3 Nf1 $13) 36... Nxg2 37. Rb7 Be3 38. b4 Nf4 39. a6
Nd5 (39... Nxd3 40. Rh3 $18) 40. Kb2 $16) 36. a5 Nd2+ 37. Kc2 Rf2 38. a6 $1 Be3
39. Ra8+ (39. Re7 Ne4+ 40. Kb3 Nc5+ 41. Ka3 Rf4 42. b3 Nxa6 43. Rxe3 $18) 39...
Kg7 40. a7 Nc4+ 41. Kb3 Nb6 42. Rb8 1-0

[Event "EU-ch 17th"]
[Site "Gjakova"]
[Date "2016.05.19"]
[Round "7"]
[White "Navara, David"]
[Black "Jobava, Baadur"]
[Result "1-0"]
[WhiteElo "2735"]
[BlackElo "2661"]
[Annotator "Ftacnik,L"]
[PlyCount "83"]
[EventDate "2016.05.12"]
[EventType "swiss"]
[EventRounds "11"]
[EventCountry "KOS"]
[SourceTitle "CBM 173"]
[Source "ChessBase"]
[SourceDate "2016.07.12"]
[SourceVersion "1"]
[SourceVersionDate "2016.07.12"]
[SourceQuality "1"]

1. e4 c5 2. Nf3 d6 3. d4 cxd4 4. Nxd4 Nf6 5. Nc3 Nc6 6. Bg5 e6 7. Qd2 Be7 8.
O-O-O O-O 9. f4 Nxd4 10. Qxd4 Bd7 11. Bxf6 Bxf6 12. Qxd6 $5 $146 {[%mdl 4]
Navara comies up with a fabulous novelty in the position, that was previously
treated with the seemingly much more dangerous idea 12.e5.} (12. e5 Be7 13.
exd6 Bf6 14. Qd3 (14. Qe3 g6 (14... Qb6 15. Qxb6 axb6 16. Ne4 Rxa2 17. Nxf6+
gxf6 18. Bc4 Ra5 19. b4 Ra4 20. Bb3 Rxb4 21. Rhf1 Rc8 22. Kb2 f5 $15 {0-1 (47)
Pruijssers,R (2498)-Abasov,N (2544) Wijk aan Zee 2015}) 15. Ne4 Bg7 16. Bd3 Qa5
17. Kb1 Rac8 18. Nd2 b5 19. Be4 Qd8 20. Nf3 a5 21. h4 a4 22. Ne5 f6 23. Nf3 f5
24. Bd3 $16 {1-0 (34) Wiersma,E (2362)-Schwartz,A (2250) Netherlands 2002})
14... Qb6 15. b3 g6 16. Ne4 Bg7 17. g4 Bc6 18. g5 Rfd8 19. Bg2 Qb4 20. c3 Bxc3
21. Qxc3 Qxc3+ 22. Nxc3 Bxg2 $11 {1/2-1/2 (39) Shirov,A (2734)-Knoppert,E 
(2382) Amsterdam 1999}) 12... Bc6 13. Qxd8 Rfxd8 14. Bb5 $1 {White is forcing
the transition to an endgame which is level in material, but not in chances.}
Bxc3 (14... Bxb5 15. Nxb5 $16) 15. Bxc6 Bxb2+ (15... bxc6 16. bxc3 e5 (16...
Kf8 17. Rxd8+ Rxd8 18. Rd1 $16) 17. f5 $16) 16. Kxb2 bxc6 17. Rxd8+ $5 {
It seems highly unlikely that the first player invented this line at the board.
At the moment of the transition to the endgame the exchange of the rooks
should be perceived as a part of the preparation.} (17. Kc3 Rdb8 18. Rd7 Rb5
19. Rhd1 $14) 17... Rxd8 18. Kc3 {The rook from h1 will infiltrate the black
position via the b- or d-file; the king on c3 is ready to prevent Black' s
counterplay and advance against the opponent's pawns.} Kf8 (18... Rb8 19. Rd1
g6 20. Rd7 a5 21. Ra7 Rb4 22. Rxa5 Rxe4 23. Ra8+ Kg7 24. g3 $16) 19. Rb1 Ke7
20. e5 (20. Rb7+ Rd7 21. Rxd7+ Kxd7 22. Kd4 f6 $14) 20... h5 {The general rule
in similar situations is that they do not favour the defender. The better
endgame for White means unpleasant suffering for Black, who is most usually
fighting only for one of two results.} 21. a4 (21. Rb7+ Rd7 22. Rxd7+ Kxd7 23.
Kd4 Kc7 24. Kc5 Kd7 25. g3 Kc7 26. a4 Kd7 $14) 21... Rd5 22. Rb7+ Rd7 23. Rb8 {
The exchange of rooks promises White better chances, but with careful defence
Jobava could manage to draw the pawn endgame.} Rd8 24. Rb4 Rd5 25. g3 Rc5+ (
25... Kd8 26. Rb7 Rd7 27. Rb8+ Kc7 28. Rh8 g6 29. a5 $16) 26. Kb3 Rd5 27. c4
Rd2 $6 {How to assign the blame in the position, which is difficult in any
case? It is most likely, that Black could have put up better resistance with
the more precise move 27...Rd3+!} (27... Rd3+ $1 28. Kc2 Rd7 29. a5 Kd8 30. Kc3
(30. a6 c5 31. Rb5 Rc7 $11) 30... Kc7 31. c5 Rd5 32. Kc4 Rd2 33. a6 Kc8 34. Rb7
Rd7 $14) 28. a5 Kd8 29. Rb8+ Kc7 30. Rf8 $1 Rd7 (30... f6 31. Rg8 fxe5 32. fxe5
Re2 33. Rxg7+ Kb8 34. Kb4 Rxe5 35. a6 $18) 31. Kb4 {Navara must have been
happy as his pieces are getting perfect coordination. Despite the equal
material Jobava will be hard pressed to defend against the pressure.} a6 32.
Kc5 g6 (32... Re7 33. Ra8 Kb7 34. Kd6 $18) 33. Ra8 Kb7 34. Rf8 Kc7 35. h3 Kb7
36. g4 hxg4 37. hxg4 Kc7 38. Ra8 Kb7 39. Rh8 Kc7 40. Rh1 Rd2 41. Rh7 Rd7 42. g5
{Black decided to resign as he is not able to defend against all active ideas
of his opponent.} (42. g5 Re7 (42... Kb7 43. f5 Rc7 (43... exf5 44. e6 $18) 44.
Kd6 c5 45. fxe6 Rc6+ 46. Kd5 $18) 43. Rh3 Rd7 44. Rb3 Rd8 45. Rb6 Ra8 46. Rxc6+
Kd7 47. Kb6 Rb8+ 48. Ka7 Rb4 49. Rc5 $18) 1-0

[Event "Linares 12th"]
[Site "Linares"]
[Date "1994.??.??"]
[Round "4"]
[White "Anand, Viswanathan"]
[Black "Beliavsky, Alexander G"]
[Result "1-0"]
[WhiteElo "2715"]
[BlackElo "2650"]
[Annotator "Ftacnik,L"]
[PlyCount "77"]
[EventDate "1994.02.??"]
[EventType "tourn"]
[EventRounds "13"]
[EventCountry "ESP"]
[EventCategory "18"]
[SourceTitle "CBM 040"]
[Source "ChessBase"]
[SourceDate "1994.06.01"]
[SourceVersion "1"]
[SourceVersionDate "1994.06.01"]
[SourceQuality "1"]

1. e4 {Boensch Chekhov} c5 2. Nf3 d6 3. d4 cxd4 4. Nxd4 Nf6 5. Nc3 Nc6 6. Bg5
e6 7. Qd2 Be7 8. O-O-O O-O 9. f4 Nxd4 10. Qxd4 Qa5 11. Bc4 Bd7 12. e5 dxe5 13.
fxe5 Bc6 14. Bd2 Nd7 15. Nd5 Qd8 16. Nxe7+ Qxe7 17. Rhe1 Rfc8 (17... Qc5 18.
Qxc5 Nxc5 19. Bb4 (19. Be3 Nd7 20. Bf1 Rfc8 21. Bf2 h6 22. b3 b6 23. Rd4 Kf8
24. Kb2 {Topalov,V-Yudasin,L/Leon (2)/1993/0.5 (50)}) 19... b6 20. Re2 Rfd8 21.
Red2 Rxd2 22. Rxd2 Kf8 23. g3 Ke7 24. b3 {Savon,V-Paoli,E/Cienfuegos/1973/1-0 
(66)}) (17... Rfd8 {Boensch} 18. Qg4 Nf8 19. h4 (19. Bd3 Rxd3 20. cxd3 Qd7 21.
Kb1 Qxd3+ 22. Ka1 h5 $1 23. Qxh5 $2 (23. Qe2 Qg6 $44) 23... Ba4 $1 $15 {
Oll,L-Hodgson,J Groningen 1993 0-1 45}) (19. Bf1 Qc5 (19... Ng6 $6 20. Bb4
Rxd1+ 21. Rxd1 Qc7 (21... Nxe5 22. Qxg7+ Kxg7 23. Bxe7 $16 {^^}) 22. Qd4 Bd5
23. Bc3 $14 {Kovalev,A-Leko,P Munich op9192 (04) 1992 1-0 43}) 20. Bc3 Ng6 21.
Qg5 Rd5 22. Rxd5 Bxd5 23. a3 $10 {Kamsky,G-Anand,V Linares (07) 1993 0-1 68})
19... Qc5 20. Bc3 Qf2 $146 21. Rd6 Qxg2 22. Qd4 Rdc8 23. Bd2 Ng6 (23... Qh2 $1
24. Re2 (24. Bd3 Ng6 25. Bxg6 hxg6 $15) 24... Qh1+ 25. Re1 Qh2 $10 {(Leko)})
24. h5 $36 {Almasi,Z-Leko,P HUN-ch 1993 1/4 35 -Inf.59/233}) (17... Nb6 {
Boensch} 18. Bd3 Rfd8 19. Qg4 Rxd3 20. cxd3 Ba4 21. Bh6 f5 22. exf6 Qxf6 23.
Bd2 Rc8+ 24. Kb1 Bc2+ 25. Ka1 Bxd1 26. Qxd1 $10 {Cseshkovsky,V-Anand,V Ovideo
25' (09) 1993}) 18. Bf1 (18. Kb1 Qc5 19. Qxc5 Nxc5 20. Bf1 a5 21. Be3 Bd5 22.
c4 Be4+ 23. Ka1 Bf5 24. b3 {Ivanchuk,V-Garcia Ilundain,D/Terrassa/1991/1-0 (51)
}) (18. Qf4 a5 19. Kb1 Nb6 20. Bd3 Nd5 21. Qg4 Qc5 22. Re4 b5 23. Qh3 Nb4 24.
Be3 {Karpov,An-Ungureanu,E/Skopje olm/1972/1-0 (29)}) (18. Qg4 Qc5 (18... Kh8 {
Chekhov} 19. Re3 Qc5 20. Rh3 Bxg2 21. Rg3 g6 22. Bb3 Bd5 23. Bc3 $1 $16 {
Ivanchuk/}) (18... Kf8 $5) 19. Bh6 g6 20. Re2 Rc7 21. Rf1 Re8 22. Ref2 Bd5 23.
Rxf7 Nxe5 24. Qd4 {Cseshkovsky,V-Korensky,V/USSR/1973/1-0 (39)}) (18. Qg4 $5 {
Boensch}) 18... a6 (18... Qc5 19. Bb4 (19. Qf4 $2 Bf3 $1) (19. Qxc5 Nxc5 20.
Bb4 Nd7 21. b3 Nf8 22. Kb2 Ng6 23. g3 Rd8 24. Rxd8+ {Gufeld,E-Parameswaran,T/
New Delhi/1984/1-0 (49)}) 19... Qxd4 20. Rxd4 h6 21. b3 $14) 19. Bb4 Qd8 (19...
Qg5+ 20. Kb1 b6 21. Rd3 $40) 20. Kb1 b5 (20... b6 21. Qf4 Bd5 22. c4 Bc6 23.
Re3 $16) 21. Qf4 Bd5 22. Bd3 Nc5 (22... Bxg2 $4 23. Rg1 Bd5 24. Rxg7+ Kxg7 25.
Rg1+ Kh8 26. Qh6 $18) 23. Bxc5 $1 Rxc5 24. Re3 f5 (24... Rac8 25. Bxh7+ Kxh7
26. Qxf7 Qh4 27. Rd4 Qh6 28. Rh3 Qxh3 29. gxh3 Rc4 30. Qh5+ Kg8 31. Qd1 $16) (
24... Qc7 {Chekhov} 25. Qh4 h6 26. Rg3 $40) 25. exf6 Qxf6 (25... gxf6 26. Rg3+
Kh8 27. Bxh7 $18) 26. Qb4 (26. Qxf6 {Chekhov} gxf6 27. Be4 Kf7 $13) 26... Rac8
27. b3 $1 (27. Rf1 $2 Rxc2 $1) 27... R5c7 (27... Bxg2 $2 28. Qg4 (28. Rg3 {
Chekhov} Bd5 (28... Rg5 29. Bxh7+ (29. Rxg5 Qxg5 30. Rg1 $18) 29... Kxh7 30.
Qh4+ Kg6 31. Rxg2 Rxg2 32. Qe4+ Qf5 33. Qxg2+ $36) 29. Rdg1 $36 (29. Rf1 $40 {
Boensch})) 28... Bd5 29. Rf1 Qe7 30. Bxh7+ Kxh7 31. Rh3+ Kg8 32. Qh5 $18) 28.
Rf1 Qe7 29. Qf4 g6 (29... Rf8 $2 30. Qxf8+ Qxf8 31. Bxh7+ Kxh7 32. Rxf8 $18) (
29... Bxg2 {Chekhov} 30. Rg1 Bd5 31. Qh6 g6 32. Bxg6) 30. Qg3 Qg7 (30... Rf8
31. Rfe1 (31. Rxf8+ {Chekhov} Kxf8 32. h4 $36) 31... Rd7 32. h4 $40) 31. h4 Kh8
(31... Rf7 {Chekhov} 32. Rxf7 Qxf7 33. h5 $36) 32. Re2 Rf7 33. Rxf7 Qxf7 34.
Rf2 Qc7 (34... Qg7 35. Qd6 Qc3 36. Rf8+ Kg7 37. Qe7+ Kh6 38. Rxc8 Qxc8 39. g4
Qa8 40. g5+ Kh5 41. Qxh7+ Kg4 42. Bxg6 $18) 35. Qg5 (35. Rf8+ Kg7) 35... Qc3
36. Rf1 Qg7 (36... a5 {Chekhov} 37. h5 a4 38. hxg6 axb3 39. axb3 Ra8 (39...
Bxb3 40. g7+ Kg8 41. Bxh7+ $18) 40. Qf6+ Qxf6 41. Rxf6 hxg6 42. Bxb5 Kg7 43.
Rf2 $18) 37. h5 gxh5 (37... Rf8 38. Rxf8+ Qxf8 39. hxg6 hxg6 40. Qxg6 $18) (
37... h6 {Chekhov} 38. Qxg6 Qxg6 39. hxg6 Bxg2 40. Rf7 $18) 38. Qxh5 h6 (38...
Kg8 39. Rf4 Qe7 40. Rg4+ Kf8 41. Qh6+ Ke8 42. Rg8+ Kd7 43. Rg7 $18) (38... Rc7
{Chekhov} 39. Qe8+ Qg8 40. Rf8 $18) (38... e5 {Chekhov} 39. Bxh7 $1 $18) 39.
Rf7 1-0